000 01128nam a2200241 a 4500
001 47897
003 BD-RjUL
005 20211209054422.0
008 160810s1998 ii |||| ||| 000 0 ben d
020 _a8176160253
_c: Tk. 60.00
035 _a(BD-RjUL)48016
040 _aBD-RjUL
_bben
_cBD-RjUL
_dBD-RjUL
041 _aben
082 _223
_a891.44309
_bPAR 1998
100 1 0 _aপাল, সুচিত্রা
_9145375
245 _aরবীন্দ্র-উপন্যাস পাঠান্তর :
_bঅন্বেষন ও মূল্যায়ন /
_cসুচিত্রা পাল ; অমিত্রসূদন ভট্টাচার্য ভূমিকা
260 _aকলকাতা :
_bমডের পাবলিশিং হাউস,
_c১৯৯৮
300 _a১৫২ পৃ. ;
_c২১ সেমি.
650 _aবাংলা উপন্যাস
_yইতিহাস ও সমালোচনা
_9145376
650 _aBengali fiction
_xHistory and criticism
_9118845
700 _aভট্টাচার্য, অমিত্রসূদন
_9145379
942 _2ddc
_cBK
999 _c47897
_d47897